|
|
|
|
| LEADER |
00000cim a2200000 a 4500 |
| 001 |
vtls010662789 |
| 003 |
SK-MaSNL |
| 005 |
20260301090958.0 |
| 007 |
sd fungnnmmned |
| 008 |
160430s2015 xo nnnnfs f n slo |
| 015 |
|
|
|a SNBJ2016
|
| 020 |
|
|
|a 9788018036662 (CDROM)
|
| 040 |
|
|
|a SNK
|b slo
|c SNK
|e AACR2
|
| 041 |
0 |
|
|d slo
|
| 044 |
|
|
|a xo
|c SK
|
| 072 |
|
7 |
|a 821.162.4-3
|x Slovenská próza
|2 konspekt
|
| 080 |
|
|
|a 821.162.4-31
|2 2011
|
| 080 |
|
|
|a (0:82-311.6)
|2 2011
|
| 080 |
|
|
|a (086.76)
|2 2011
|
| 100 |
1 |
|
|a Czobor, Vojtech,
|d 1943-
|4 aut
|9 7561
|
| 245 |
1 |
0 |
|a Hrdzavý kríž
|h elektronický zdroj
|b [Pálffyovská hrobka skrýva šokujúce tajomstvo]
|c Vojtech Czobor ; číta: Igor Šabek
|
| 260 |
|
|
|a Levoča
|b Slovenská knižnica pre nevidiacich Mateja Hrebendu
|c 2015
|
| 300 |
|
|
|a 1 elektronický optický disk (CD-ROM)
|b digitál., MP3
|c 12 cm
|
| 306 |
|
|
|a 112000
|
| 520 |
8 |
|
|a Čo majú spoločné dedinský farár, zjavenie Panny Márie, rodinná hrobka dávno mŕtveho grófa a tichý blázon? Tajomstvo, ktoré smrdí cirkevným škandálom, odkrýva hĺbku našej viery. Každý predsa máme svoje tajomstvá. Práve ony nás robia jedinečnými. Ale existujú aj veľké tajomstvá, ktorých prezradenie nás môže stáť život. Alebo nás môžu doviesť k závratnému dedičstvu či k odhaleniu pravdy
|
| 521 |
|
|
|a Pre nevidiacich, slabozrakých a inak zdravotne postihnutých
|
| 655 |
|
7 |
|a zvukové záznamy
|2 SNKPH
|9 70720
|
| 655 |
|
7 |
|a slovenské romány
|2 SNKPH
|9 70324
|
| 655 |
|
7 |
|a historické romány
|2 SNKPH
|9 70253
|
| 655 |
|
7 |
|a CD-ROM
|2 SNKPH
|9 70236
|
| 700 |
1 |
|
|a Šabek, Igor
|4 nrt
|9 312613
|
| 787 |
0 |
8 |
|i Podľa knihy:
|t Hrdzavý kríž : Pálffyovská hrobka skrýva šokujúce tajomstvo
|d Bratislava : Slovart, 2014
|z 978-80-556-1079-5
|
| 919 |
|
|
|a 978-80-18-03666-2
|
| 958 |
|
|
|a SX
|
| 958 |
|
|
|a LX
|
| 999 |
|
|
|c 669752
|d 671682
|
| 952 |
|
|
|a SNK
|b SNK
|y PREZ
|7 0
|p 17A1157122
|o snkSCD 3507
|i snk2015/14281
|8 0
|0 0
|1 0
|4 0
|d 2015-04-29
|l 0
|r 2026-02-23 19:23:00
|w 2026-02-23
|